| 000 | 00643nam a22002297a 4500 | ||
|---|---|---|---|
| 003 | OSt | ||
| 005 | 20140310181741.0 | ||
| 008 | 130323t xxu||||| |||| 00| 0 eng d | ||
| 020 | _a0961457406 | ||
| 050 |
_aLB 1025.3 _b.C971 1996 |
||
| 082 |
_aTR 371.1 _bC91 1996 |
||
| 100 |
_aCummings, Carol _91056 |
||
| 245 |
_aManaging to teach / _cCarol Cummings. |
||
| 260 |
_aEdmonds, WA : _bTeaching, _c1996. |
||
| 300 |
_a168 p. : _bill. ; _c28 cm. |
||
| 521 | _aFaculty | ||
| 541 | _j1 | ||
| 562 | _e1 | ||
| 650 |
_aEducation _xclassroom management _91057 |
||
| 650 |
_aTeaching and teaching personnel _91058 |
||
| 942 |
_2lcc _cBK-TR _kTR |
||
| 999 |
_c2779 _d2779 |
||